[Event "4th Chennai Open"]
[Site "Chennai IND"]
[Date "2012.01.12"]
[Round "11"]
[White "Rahman, Ziaur"]
[Black "Nitin, S."]
[Result "1/2-1/2"]
[WhiteTitle "GM"]
[BlackTitle "IM"]
[WhiteElo "2523"]
[BlackElo "2399"]
[WhiteFideId "10200037"]
[BlackFideId "5018277"]
[EventDate "2012.01.04"]

1. d4 Nf6 2. Nf3 g6 3. c4 Bg7 4. Nc3 d6 5. e4 O-O 6. h3 e5 7. d5 a5 8. Bg5 Na6
9. Be2 Nc5 10. Nd2 Bd7 11. Rb1 Qe8 12. O-O h6 13. Be3 b6 14. b3 Nh7 15. a3 f5
16. b4 axb4 17. axb4 Na4 18. Nxa4 Bxa4 19. Nb3 Nf6 20. exf5 gxf5 21. f4 Ne4 22.
Bh5 Nc3 23. Qc2 Bxb3 24. Qxc3 Qxh5 25. Qxb3 e4 26. c5 b5 27. Kh2 Ra4 28. cxd6
cxd6 29. Bb6 Qe2 30. Rf2 Qc4 31. Qxc4 bxc4 32. Bc7 Rf7 33. Bxd6 Rd7 34. Be5 Rxd5
35. Bxg7 Kxg7 36. Rc2 Rd4 37. b5 Rd3 38. b6 Rb3 39. Rxc4 Rxb1 40. Rxa4 Rxb6 41.
Ra5 Kg6 42. g4 fxg4 43. hxg4 Rb3 44. Ra6+ Kg7 45. Re6 Re3 46. Kg2 Kh7 47. f5 Kg7
48. Re7+ Kf6 49. Re6+ Kg5 50. Rg6+ Kh4 51. Kf2 Rf3+ 52. Ke2 h5 1/2-1/2

[Event "4th Chennai Open"]
[Site "Chennai IND"]
[Date "2012.01.12"]
[Round "11"]
[White "Navin, Kanna"]
[Black "Danielsen, Henrik"]
[Result "1-0"]
[BlackTitle "GM"]
[WhiteElo "2377"]
[BlackElo "2536"]
[WhiteFideId "5015294"]
[BlackFideId "1400185"]
[EventDate "2012.01.04"]

1. d4 d6 2. e4 Nf6 3. Nc3 g6 4. g3 Bg7 5. Bg2 O-O 6. Nge2 Nbd7 7. O-O c5 8. h3
Rb8 9. a4 b6 10. f4 cxd4 11. Nxd4 Bb7 12. Re1 Nh5 13. Kh2 a6 14. Bf3 Nhf6 15. e5
dxe5 16. fxe5 Bxf3 17. Nxf3 Ne8 18. Bf4 Nc7 19. Nd4 Rc8 20. Nc6 Qe8 21. Bg5 Ne6
22. Nxe7+ Kh8 23. Bf6 Rxc3 24. bxc3 Nxf6 25. exf6 Bxf6 26. Nd5 Bd8 27. Qd3 Qc6
28. c4 Nc5 29. Qd4+ Kg8 30. Re2 Ne6 31. Qe4 Qd7 32. h4 a5 33. Rd2 Nc5 34. Qf3
Qc8 35. Re1 Nxa4 36. Re7 Qxc4 37. Nf6+ Kh8 38. Red7 Bc7 39. R7d4 Qc3 40. R4d3
Qc4 41. Nd7 Re8 42. Rd4 Qc3 43. Qf6+ Kg8 44. R4d3 Qc4 45. Rf2 Bd8 46. Rd4 Qa2
47. Rxa4 1-0

[Event "4th Chennai Open"]
[Site "Chennai IND"]
[Date "2012.01.12"]
[Round "11"]
[White "Sethuraman, S.P."]
[Black "Ghosh, Diptayan"]
[Result "1-0"]
[WhiteTitle "GM"]
[BlackTitle "FM"]
[WhiteElo "2529"]
[BlackElo "2372"]
[WhiteFideId "5021596"]
[BlackFideId "5045207"]
[EventDate "2012.01.04"]

1. e4 e5 2. Nf3 Nc6 3. Bb5 a6 4. Ba4 Nge7 5. c3 g6 6. d4 exd4 7. cxd4 b5 8. Bc2
Bg7 9. d5 Na5 10. Bd2 Nc4 11. Bc3 Bxc3+ 12. Nxc3 d6 13. b3 Ne5 14. Nd4 c5 15.
dxc6 O-O 16. Nd5 N7xc6 17. f4 Nxd4 18. Qxd4 Nd7 19. Ne3 Qf6 20. Qxf6 Nxf6 21.
O-O-O Re8 22. Rhe1 Bb7 23. Rxd6 Nxe4 24. Rb6 Ra7 25. Ng4 Rc8 26. Kb2 f5 27. Bxe4
Bxe4 28. Nf6+ Kg7 29. Nxe4 Re8 30. Re3 fxe4 31. g3 Rd7 32. Rxa6 Rd2+ 33. Kc3
Rxh2 34. Kb4 Rf2 35. Kxb5 Rf3 36. Re1 e3 37. Rd6 Rxg3 38. a4 e2 39. b4 h5 40. a5
h4 41. Rd7+ Kf6 42. a6 h3 43. a7 h2 44. Rh7 Ra3 45. Kb6 Ra8 46. b5 Kf5 47. Rxh2
R8xa7 48. Rhxe2 R7a4 49. Re8 Kxf4 50. Rf8+ Kg5 51. Re5+ Kh6 52. Kc6 Rc4+ 53. Kb7
Rb3 54. Rf6 Kg7 55. Rd6 Rg4 56. b6 g5 57. Re7+ Kf8 58. Rc7 Re4 59. Rh6 Rh4 60.
Rf6+ Ke8 61. Rg6 Kf8 62. Rxg5 Rh6 63. Rc6 Rh1 64. Rgg6 Kf7 65. Rh6 Rhb1 66. Rc7+
Kg8 67. Rd6 1-0

[Event "4th Chennai Open"]
[Site "Chennai IND"]
[Date "2012.01.12"]
[Round "11"]
[White "Ankit, R. Rajpara"]
[Black "Venkatesh, M.R."]
[Result "1-0"]
[BlackTitle "IM"]
[WhiteElo "2349"]
[BlackElo "2499"]
[WhiteFideId "5023335"]
[BlackFideId "5005779"]
[EventDate "2012.01.04"]

1. e4 e5 2. Nf3 Nc6 3. Bc4 Nf6 4. Ng5 d5 5. exd5 Na5 6. Bb5+ c6 7. dxc6 bxc6 8.
Bd3 h6 9. Ne4 Nd5 10. O-O g6 11. Re1 f5 12. Ng3 Bg7 13. Bf1 O-O 14. d3 Rb8 15.
Nd2 c5 16. Nc4 Nc6 17. c3 h5 18. Be2 h4 19. Nf1 Qf6 20. Bf3 Rd8 21. Qa4 Bb7 22.
Nfe3 Nf4 23. Qc2 Ne7 24. Bxb7 Rxb7 25. Rd1 Rbd7 26. d4 cxd4 27. cxd4 exd4 28.
Nxf5 d3 29. Nxe7+ Qxe7 30. Qb3 Ne2+ 31. Kh1 Kh7 32. h3 Qf7 33. Be3 Qf5 34. Nd2
g5 35. Nf3 Bf6 36. Qc4 Re8 37. Rd2 Re4 38. Qc8 Kg6 39. Rad1 Qe6 40. Rxe2 Rc4 41.
Qa8 Rd8 42. Qxd8 Bxd8 43. Red2 Bc7 44. Bxg5 Rc2 45. Rxd3 Rxf2 46. Bxh4 Rxb2 47.
Rc3 Bb6 48. Rc6 Qxc6 49. Ne5+ Kf5 50. Nxc6 1-0

[Event "4th Chennai Open"]
[Site "Chennai IND"]
[Date "2012.01.12"]
[Round "11"]
[White "Himanshu, Sharma"]
[Black "Vaibhav, Suri"]
[Result "1/2-1/2"]
[WhiteTitle "IM"]
[BlackTitle "IM"]
[WhiteElo "2408"]
[BlackElo "2448"]
[WhiteFideId "5007836"]
[BlackFideId "5045185"]
[EventDate "2012.01.04"]

1. Nf3 d5 2. d4 Nf6 3. e3 c5 4. b3 Nc6 5. Bb2 Bg4 6. Be2 e6 7. h3 Bh5 8. Ne5
Bxe2 9. Qxe2 cxd4 10. Nxc6 bxc6 11. exd4 Qa5+ 12. c3 Be7 13. O-O O-O 14. Nd2
Rfd8 15. Rfc1 Qb5 16. c4 dxc4 17. Qxc4 Rac8 18. Rc2 Nd5 19. Nf3 Nb4 20. Rc3 Bf6
21. a4 Qb8 22. Rd1 c5 23. Qe2 Nd5 24. Rxc5 Nf4 25. Qb5 Rxc5 26. Qxc5 Qxb3 27.
Rd2 Qxa4 28. Ne5 Nd5 29. Qa3 Qxa3 30. Bxa3 Rb8 31. Bc5 a5 32. Ra2 Bd8 33. Nc6
Rb1+ 34. Kh2 Bc7+ 35. g3 Rb5 36. Ne7+ Nxe7 37. Bxe7 h5 38. Rc2 Bb8 39. Kg2 Kh7
40. Rc6 Kg6 41. g4 Rd5 42. Bc5 Bf4 43. Kf3 Bd2 44. Rb6 hxg4+ 45. hxg4 Kf6 46.
Ke2 Bf4 47. Kf3 Bc7 48. Ra6 Kg6 49. Ke4 Kf6 50. f4 1/2-1/2

[Event "4th Chennai Open"]
[Site "Chennai IND"]
[Date "2012.01.12"]
[Round "11"]
[White "Narayanan, S.L."]
[Black "Ashwin, Jayaram"]
[Result "1/2-1/2"]
[BlackTitle "IM"]
[WhiteElo "2320"]
[BlackElo "2472"]
[WhiteFideId "5058422"]
[BlackFideId "5018137"]
[EventDate "2012.01.04"]

1. e4 e5 2. Nf3 Nc6 3. Bb5 a6 4. Ba4 Nf6 5. O-O b5 6. Bb3 Bc5 7. c3 d6 8. d4 Bb6
9. a4 Rb8 10. Qd3 O-O 11. Bg5 exd4 12. cxd4 h6 13. axb5 axb5 14. Bh4 g5 15. Bg3
Nh5 16. e5 Kg7 17. exd6 Nxg3 18. dxc7 Qxc7 19. hxg3 g4 20. d5 Nb4 21. Qc3+ Qxc3
22. bxc3 Nxd5 23. Bxd5 gxf3 24. Bxf3 Be6 25. Na3 Rfc8 26. Nxb5 Bxf2+ 27. Kxf2
Rxb5 28. Ra3 Rb2+ 29. Ke3 Rc2 30. Be4 R2xc3+ 31. Rxc3 Rxc3+ 32. Kf2 1/2-1/2

[Event "4th Chennai Open"]
[Site "Chennai IND"]
[Date "2012.01.12"]
[Round "11"]
[White "Rajesh, V A V"]
[Black "Barua, Dibyendu"]
[Result "1-0"]
[WhiteTitle "FM"]
[BlackTitle "GM"]
[WhiteElo "2338"]
[BlackElo "2460"]
[WhiteFideId "5029317"]
[BlackFideId "5000025"]
[EventDate "2012.01.04"]

1. d4 d5 2. c4 e6 3. Nc3 Nf6 4. Nf3 Be7 5. Bg5 h6 6. Bh4 O-O 7. Rc1 Ne4 8. Bxe7
Qxe7 9. cxd5 Nxc3 10. bxc3 exd5 11. Qb3 c6 12. e3 Bf5 13. c4 dxc4 14. Bxc4 Be4
15. O-O b6 16. Nd2 Bf5 17. Be2 Be6 18. Qb2 Bd5 19. e4 Bxe4 20. Nxe4 Qxe4 21. Bf3
Qf4 22. d5 Nd7 23. dxc6 Ne5 24. Be2 Rac8 25. c7 Nd7 26. g3 Qf5 27. Ba6 Nc5 28.
Bxc8 Rxc8 29. Qd4 Kh7 30. Qd8 Nb7 31. Qe7 Nc5 32. Rc3 Qe6 33. Re1 Qf6 34. Qxf6
gxf6 35. Re7 Kg6 36. Rc2 1-0

[Event "4th Chennai Open"]
[Site "Chennai IND"]
[Date "2012.01.12"]
[Round "11"]
[White "Thejkumar, M. S."]
[Black "Phadke, Sohan"]
[Result "1-0"]
[WhiteTitle "IM"]
[WhiteElo "2455"]
[BlackElo "2290"]
[WhiteFideId "5009154"]
[BlackFideId "5016223"]
[EventDate "2012.01.04"]

1. d4 Nf6 2. c4 g6 3. Nc3 d5 4. Nf3 Bg7 5. Qb3 dxc4 6. Qxc4 O-O 7. e4 Nc6 8. Be2
Bg4 9. d5 Bxf3 10. gxf3 Na5 11. Qd3 c5 12. e5 Nd7 13. f4 e6 14. dxe6 fxe6 15. h4
Nb6 16. Qh3 Rf5 17. Bg4 Nd5 18. Bxf5 exf5 19. h5 Nb4 20. hxg6 hxg6 21. Qh7+ Kf7
22. e6+ Kf6 23. Rg1 Qe8 24. Be3 Rd8 25. Rd1 Nc2+ 26. Ke2 Rxd1 27. Kxd1 Nb4 28.
Bxc5 1-0

[Event "4th Chennai Open"]
[Site "Chennai IND"]
[Date "2012.01.12"]
[Round "11"]
[White "Shashikant, Kutwal"]
[Black "Vakhidov, Jahongir"]
[Result "0-1"]
[BlackTitle "IM"]
[WhiteElo "2289"]
[BlackElo "2419"]
[WhiteFideId "5006520"]
[BlackFideId "14201801"]
[EventDate "2012.01.04"]

1. e4 c5 2. Nf3 d6 3. d4 cxd4 4. Nxd4 Nf6 5. Nc3 g6 6. Be3 Bg7 7. f3 Nc6 8. Qd2
O-O 9. g4 Be6 10. O-O-O Nxd4 11. Bxd4 Qa5 12. a3 Rfc8 13. h4 Rab8 14. h5 b5 15.
h6 Bh8 16. Nd5 Qxd2+ 17. Rxd2 Bxd5 18. exd5 Nd7 19. Bxa7 Ra8 20. Bd4 b4 21. Bxh8
Kxh8 22. Kb1 bxa3 23. b3 Rc3 24. Be2 Nb6 25. Ka2 Nxd5 26. Rxd5 Rxc2+ 27. Ka1
Rxe2 28. Rc1 f6 29. Ra5 Rb8 30. Rc3 Kg8 31. Rxa3 Kf7 32. Ra2 Re1+ 33. Kb2 Rb7
34. Ra1 Rxa1 35. Kxa1 g5 36. Kb2 Kg6 37. Rc8 Kxh6 38. Rg8 Rb4 39. Ka3 Rf4 40. b4
Rxf3+ 41. Ka4 Rf4 42. Ka5 Rxg4 43. b5 Rg1 44. b6 Rb1 45. Ka6 f5 46. b7 g4 47.
b8=Q Rxb8 48. Rxb8 Kg5 49. Kb5 Kf4 50. Kc4 g3 0-1